000
00299nam a2200121Ia 4500
008
210428s9999 xx 000 0 und d
082
_a
541.345 F544 P
100
_a
Robert M Fitch
_9
52217
245
0
_a
Polymer Colloids
260
_b
Academic press
_a
Britania
_c
1997
300
_a
346p
942
_c
BK
999
_c
560034
_d
560034